=LDR 00000nam 2200000 4500 =001 INLIS000000000011037 =005 20130612102637 =008 ***********************************Ind** =035 ##$$0010-061300000011037 =041 ##$$a Ind =082 ##$$a 671-52 =090 ##$$a 671.52, Tri-m =100 ##$$a Tri T, Tedy =245 ##$$a Mengelola Bengkel Las, Tedy Tri T =260 ##$$a 1988 $b Jakarta =300 ##$$a ix, 104 hlm, ilus, 21 cm =650 ##$$a Las =650 ##$$a Mengelola =850 ##$$a NBPNMAT